Regulovanie peňažnej zásoby
Prvoradá úloha centrálnej banky je kontrola ponuky bankových zdrojov, regulácia ponuky peňazí s cieľom dosiahnutia cenovej stability. Udržanie stabilnej kúpnej sily vytvára menové predpoklady pre dlhodobý hospodársky rast. Centrálna banka pri realizácii menovej politiky, môže ovplyvniť menovú stabil...
Enregistré dans:
| Auteur principal: | |
|---|---|
| Format: | Chapitre de livre |
| Langue: | slovaque |
| Sujets: | |
| Tags: |
Pas de tags, Soyez le premier à ajouter un tag!
|
MARC
| LEADER | 00000naa a2200000 4500 | ||
|---|---|---|---|
| 001 | r015860 | ||
| 005 | 20221213113114.3 | ||
| 041 | 0 | |a slo | |
| 044 | |a SK | ||
| 245 | 1 | 0 | |a Regulovanie peňažnej zásoby |c Peter Dovčiak |
| 520 | |a Prvoradá úloha centrálnej banky je kontrola ponuky bankových zdrojov, regulácia ponuky peňazí s cieľom dosiahnutia cenovej stability. Udržanie stabilnej kúpnej sily vytvára menové predpoklady pre dlhodobý hospodársky rast. Centrálna banka pri realizácii menovej politiky, môže ovplyvniť menovú stabilitu len nepriamo a po uplynutí určitého času. Celé toto obdobie možno označiť ako mechanizmus prenosu (Transmission mechanismus). | ||
| 610 | 2 | 0 | |a politika menová |
| 610 | 2 | 0 | |a peniaze |
| 610 | 2 | 0 | |a banky emisné |
| 610 | 2 | 0 | |a stabilita meny |
| 610 | 2 | 0 | |a emisia |
| 610 | 2 | 0 | |a sadzby úrokové |
| 610 | 2 | 0 | |a stabilita cien |
| 100 | 1 | |a Dovčiak, Peter | |